| 000 | 00418nam a22001457a 4500 | ||
|---|---|---|---|
| 020 | _a0072931647 | ||
| 040 | _cNUST | ||
| 100 |
_aAlbert B. Bennett _9124668 |
||
| 110 |
_aL. Ted Nelson _9123421 |
||
| 245 |
_aMathematics for Elementary Teachers _bA Conceptual Approach |
||
| 250 | _aSixth Edition | ||
| 260 |
_aNew York: _bHigher Education, _c2004. |
||
| 650 | _2Mathematics for Elementary Teachers | ||
| 942 |
_2ddc _cBK |
||
| 999 |
_c610472 _d610472 |
||